00625nam a2200169 a 450000100100000000500170001000800410002702000180006804000250008610000340011124500850014526000390023030000280026950000730029750000550037050400300042500002921820200930055414.0110414s2009 dr a 000 0 spa d a9789587053371 aDO-SdBNPbspacBNPHU1 aPeña Muñoz, Manueld1951-10aHistoria de la literatura infantil en América Latina /cManuel Peña Muñoz. aBogotá :bFundación SM,c2009. a820 p. :bil. ;c26 cm. aIncluye referencias bibliográficas y notas al pie de las páginas aIncluye datos biográficos del autor en la solapa aBbliografía: p. 810-820